[Event "Superbet Blitz 2022"]
[Site "Warsaw POL"]
[Date "2022.05.22"]
[Round "9.3"]
[White "Wojtaszek, Radoslaw"]
[Black "Anand, Viswanathan"]
[Result "1/2-1/2"]
[WhiteTitle "GM"]
[BlackTitle "GM"]
[WhiteElo "2696"]
[BlackElo "2751"]
[WhiteFideId "1118358"]
[BlackFideId "5000017"]
[EventDate "2022.05.22"]

1. d4 Nf6 2. c4 e6 3. Nf3 d5 4. Nc3 Bb4 5. Bg5 h6 6. Bxf6 Qxf6 7. Qa4+ Nc6 8. e3
O-O 9. Be2 dxc4 10. Bxc4 e5 11. O-O exd4 12. Nd5 Qd6 13. Nxb4 Nxb4 14. Nxd4 c5
15. Nf3 Bd7 16. Qd1 Qe7 17. a3 Nc6 18. Qc2 Ne5 19. Nxe5 Qxe5 20. Rad1 Bc6 21.
Qb3 Qe7 22. Bd5 Rac8 23. Bxc6 Rxc6 24. Rd5 c4 25. Qc3 Rd8 26. Rfd1 Rxd5 27. Rxd5
Qf6 28. Rd4 b5 29. h4 a6 30. Qb4 h5 31. a4 bxa4 32. Qxa4 c3 33. bxc3 g6 34. Qa5
Kg7 35. c4 Rb6 36. Qa1 Rb4 37. Qc1 Qf5 38. Rd1 Qe5 39. c5 Rb7 40. Qc4 Rc7 41.
Qxa6 Qxc5 42. g3 Qe5 43. Qd3 Qf6 44. Qe2 Rb7 45. Kg2 Rb2 46. Rd2 Qc6+ 47. Kh2
Rb1 48. Rd1 Rxd1 49. Qxd1 Qa6 50. Qd4+ Kg8 51. e4 Qe2 52. Kg2 Qa2 53. Qd5 Qe2
54. Qd8+ Kg7 55. Qd4+ Kg8 56. Qe5 Qd3 57. Qf4 Kg7 58. Qf3 Qd4 59. Qf4 Qd3 60.
Qe5+ Kg8 61. Qd5 Qe2 62. e5 Kg7 63. Qd4 Kg8 64. Qf4 Qa2 65. Qf6 Qd5+ 66. Kh2 Qe4
67. Qf4 Qd5 68. Kg1 Qd1+ 69. Kh2 Qd5 70. Qe3 Kg7 71. f3 Qa2+ 72. Kh3 Qb1 73. g4
hxg4+ 74. fxg4 Qa2 75. Kg3 Qc4 76. h5 gxh5 77. Qg5+ Kh7 78. Qf5+ Kg7 79. Qg5+
Kh7 80. Qxh5+ Kg7 81. Qg5+ Kh7 82. Qf5+ Kg7 83. Qf6+ Kg8 84. Kh4 Qc2 85. e6 fxe6
86. Qxe6+ Kg7 87. Kg5 Qc5+ 88. Qf5 Qe3+ 89. Kh4 Qe1+ 90. Kh3 Qh1+ 91. Kg3 Qg1+
92. Kh3 Qh1+ 93. Kg3 Qg1+ 1/2-1/2

[Event "Superbet Blitz 2022"]
[Site "Warsaw POL"]
[Date "2022.05.22"]
[Round "9.4"]
[White "Duda, Jan-Krzysztof"]
[Black "Shevchenko, Kirill"]
[Result "1-0"]
[WhiteTitle "GM"]
[BlackTitle "GM"]
[WhiteElo "2750"]
[BlackElo "2644"]
[WhiteFideId "1170546"]
[BlackFideId "14129574"]
[EventDate "2022.05.22"]

1. d4 Nf6 2. c4 c6 3. Nf3 d5 4. e3 Bf5 5. Nc3 a6 6. Ne5 Nbd7 7. Qb3 Qc7 8. cxd5
Nxe5 9. dxe5 Nxd5 10. Bc4 e6 11. e4 Nxc3 12. exf5 Qxe5+ 13. Be3 Nd5 14. Bxd5
Qxd5 15. Qxb7 c5 16. Qb6 Be7 17. fxe6 O-O 18. exf7+ Qxf7 19. O-O Rfb8 20. Qc6
Bf6 21. Rab1 c4 22. Rfc1 Rc8 23. Qa4 Rab8 24. b4 c3 25. Qb3 Rc4 26. a3 h5 27.
Qc2 Qe6 28. Rd1 Qc6 29. h3 h4 30. Bc5 Re8 31. Qa2 Qe6 32. Rd6 Qf7 33. Qc2 Rce4
34. Be3 Qc4 35. a4 Kh8 36. b5 Qxa4 37. Qxa4 Rxa4 38. Rxa6 c2 39. Rc1 Rb4 40. Rc6
Rxb5 41. R6xc2 Rb4 42. Kf1 Kh7 43. Rd1 Kg6 44. Rd5 Rb1+ 45. Rc1 Rxc1+ 46. Bxc1
Rd8 47. Rc5 Rd1+ 48. Ke2 Rg1 49. Kf3 Rd1 50. Be3 Rb1 51. Rc4 Rb2 52. Kg4 Ra2 53.
Re4 Rc2 54. Kf3 Ra2 55. Rg4+ Kf5 56. Rf4+ Kg6 57. Bd4 Bxd4 58. Rxd4 Kh5 59. Rd8
g5 60. Rh8+ Kg6 61. Re8 Kf5 62. Rf8+ Kg6 63. Kg4 Ra4+ 64. f4 gxf4 65. Kxh4 Kg7
66. Rf5 Kg6 67. Rf8 Kg7 68. Rf5 Kg6 69. Rg5+ Kf6 70. Rg8 Kf5 71. Rf8+ Ke5 72.
Kg4 Ra2 73. Re8+ Kf6 74. Kf3 Kf5 75. Rf8+ Kg5 76. Rg8+ Kf5 77. Rf8+ Kg5 78. Re8
Ra3+ 79. Kf2 Ra2+ 80. Re2 Ra3 81. Rb2 Ra5 82. Rb3 Rc5 83. Kf3 Ra5 84. Rd3 Rc5
85. Ke4 Rc4+ 86. Rd4 Rc2 87. Rd5+ Kg6 88. Kf3 Ra2 89. h4 Rb2 90. Rg5+ Kh6 91.
Kxf4 Rb4+ 92. Kg3 Rb3+ 93. Kh2 Rb4 94. Kh3 Rb1 95. Ra5 Kg6 96. Ra6+ Kg7 97. g3
Rb4 98. h5 Rb1 99. Kh4 Kh7 100. g4 Rc1 101. Ra7+ Kh8 102. h6 Rc5 103. g5 Re5
104. Kh5 Re8 105. Ra5 Rc8 106. Rf5 Kh7 107. g6+ Kg8 108. h7+ Kg7 109. Rf7+ Kh8
110. Kh6 1-0

[Event "Superbet Blitz 2022"]
[Site "Warsaw POL"]
[Date "2022.05.22"]
[Round "9.5"]
[White "Korobov, Anton"]
[Black "Gavrilescu, David"]
[Result "0-1"]
[WhiteTitle "GM"]
[BlackTitle "IM"]
[WhiteElo "2671"]
[BlackElo "2518"]
[WhiteFideId "14105730"]
[BlackFideId "1227190"]
[EventDate "2022.05.22"]

1. e4 e6 2. d4 d5 3. Nc3 Nf6 4. e5 Nfd7 5. f4 c5 6. Nf3 Nc6 7. Be3 cxd4 8. Nxd4
Qb6 9. Qd2 Qxb2 10. Rb1 Qa3 11. Bb5 Nxd4 12. Bxd4 a6 13. Bxd7+ Bxd7 14. Rb3 Qe7
15. Rxb7 Qh4+ 16. Qf2 Qxf2+ 17. Kxf2 Be7 18. Rhb1 Bd8 19. Ke3 Bc6 20. Ra7 Rxa7
21. Bxa7 Kd7 22. Ne2 Be7 23. Nd4 Ra8 24. Nxc6 Kxc6 25. Bd4 Bd8 26. g4 Rc8 27. f5
g6 28. fxe6 fxe6 29. Rf1 Rb8 30. Kd3 Rb4 31. Rf7 Ra4 32. Rxh7 g5 33. Rh6 Kd7 34.
Rh7+ Kc6 35. Rg7 Rxa2 36. Be3 Ra3+ 37. c3 Ba5 38. Bd2 d4 39. Kxd4 Ra4+ 40. Kd3
Rxg4 41. Bxg5 Kd5 42. Bf6 Rf4 43. Rd7+ Kc5 44. h4 Rf3+ 45. Ke2 Rxc3 46. Rc7+
Bxc7 0-1

[Event "Superbet Blitz 2022"]
[Site "Warsaw POL"]
[Date "2022.05.23"]
[Round "10.1"]
[White "Aronian, Levon"]
[Black "Gavrilescu, David"]
[Result "1/2-1/2"]
[WhiteTitle "GM"]
[BlackTitle "IM"]
[WhiteElo "2765"]
[BlackElo "2518"]
[WhiteFideId "13300474"]
[BlackFideId "1227190"]
[EventDate "2022.05.22"]

1. d4 d5 2. Bf4 c5 3. e3 cxd4 4. exd4 Nc6 5. Nf3 Bf5 6. c4 e6 7. c5 Bg4 8. Nbd2
g6 9. Qb3 Bxf3 10. Qxb7 Nxd4 11. Bb5+ Nxb5 12. Qxb5+ Qd7 13. c6 Qc8 14. c7+ Qd7
15. Qb8+ Qc8 16. Nxf3 Ne7 17. O-O f6 18. Qb5+ Qd7 19. Qa6 g5 20. Bg3 Nf5 21.
Rac1 Rc8 22. Rc6 Kf7 23. Re1 Nxg3 24. hxg3 Bg7 25. Rexe6 Rxc7 26. Nd4 Rxc6 27.
Rxc6 Re8 28. Qd3 Re4 29. Ra6 Re1+ 30. Kh2 Qg4 31. Rxa7+ Kg8 32. Ra8+ Bf8 33. Qf5
Qxd4 34. Qc8 Qb4 35. Qd7 Qe7 36. Qxd5+ Qf7 37. Qf3 Re8 38. Rxe8 Qxe8 39. Qxf6
Qh5+ 40. Kg1 Qd1+ 41. Kh2 Qh5+ 42. Kg1 Qd1+ 1/2-1/2

[Event "Superbet Blitz 2022"]
[Site "Warsaw POL"]
[Date "2022.05.23"]
[Round "10.2"]
[White "Korobov, Anton"]
[Black "Shevchenko, Kirill"]
[Result "1-0"]
[WhiteTitle "GM"]
[BlackTitle "GM"]
[WhiteElo "2671"]
[BlackElo "2644"]
[WhiteFideId "14105730"]
[BlackFideId "14129574"]
[EventDate "2022.05.22"]

1. d4 Nf6 2. c4 c5 3. d5 e6 4. Nc3 exd5 5. cxd5 d6 6. Nf3 g6 7. Nd2 Bg7 8. e4
O-O 9. Be2 Re8 10. O-O Nbd7 11. h3 g5 12. Nc4 Nxe4 13. Nxe4 Rxe4 14. Nxd6 Rd4
15. Qc2 Nb6 16. Nxc8 Rxc8 17. Be3 Rxd5 18. Bf3 Rd6 19. Bxb7 Rc7 20. Be4 h6 21.
Rad1 Bd4 22. Bxd4 cxd4 23. Qb3 Qf6 24. Rfe1 Kg7 25. Bb1 Nd5 26. Qd3 Nf4 27. Qh7+
Kf8 28. Kh2 Rd8 29. g3 Ne6 30. Kg2 Qg7 31. Qf5 Rc5 32. Qf3 Kg8 33. Qb7 a5 34.
Qb6 Rcc8 35. Qxa5 Qf6 36. Qf5 Kg7 37. Qh7+ Kf8 38. Bf5 Nc5 39. Bxc8 Rxc8 40. Qc2
d3 41. Rxd3 Qc6+ 42. Rf3 Kg8 43. Qf5 Rc7 44. Qf6 Ne6 45. Rxe6 fxe6 46. Qxh6 Rg7
47. Qf6 Qd5 48. a4 Kh7 49. b4 e5 50. Qf5+ Kh6 51. b5 Qa8 52. Qxe5 Kh7 53. Qf5+
Kh6 54. b6 Qxa4 55. Qf6+ Kh7 56. Qf5+ Kh6 57. Qe6+ Kh7 58. Rf6 Qa8+ 59. Kh2 1-0

[Event "Superbet Blitz 2022"]
[Site "Warsaw POL"]
[Date "2022.05.23"]
[Round "10.3"]
[White "Duda, Jan-Krzysztof"]
[Black "Anand, Viswanathan"]
[Result "1-0"]
[WhiteTitle "GM"]
[BlackTitle "GM"]
[WhiteElo "2750"]
[BlackElo "2751"]
[WhiteFideId "1170546"]
[BlackFideId "5000017"]
[EventDate "2022.05.22"]

1. e4 e5 2. Nf3 Nf6 3. d4 Nxe4 4. Bd3 d5 5. Nxe5 Nd7 6. O-O Nxe5 7. dxe5 Nc5 8.
f4 g6 9. Be2 c6 10. Nd2 Be7 11. Nf3 O-O 12. Be3 Ne6 13. c3 Bc5 14. Nd4 f6 15.
Kh1 Bb6 16. Bd3 fxe5 17. fxe5 Rxf1+ 18. Qxf1 Bd7 19. Qf3 Qh4 20. Nxe6 Bxe6 21.
Rf1 Bxe3 22. Qxe3 Rf8 23. Qxa7 Rxf1+ 24. Bxf1 Qe1 25. Qa8+ Kg7 26. Qxb7+ Kh6 27.
Qa6 Bf5 28. Qe2 Qa1 29. a3 Kg7 30. Kg1 Kf7 31. g4 Be6 32. Qf2+ Ke8 33. Qf6 Bxg4
34. e6 1-0

[Event "Superbet Blitz 2022"]
[Site "Warsaw POL"]
[Date "2022.05.23"]
[Round "10.4"]
[White "Wojtaszek, Radoslaw"]
[Black "So, Wesley"]
[Result "1/2-1/2"]
[WhiteTitle "GM"]
[BlackTitle "GM"]
[WhiteElo "2696"]
[BlackElo "2776"]
[WhiteFideId "1118358"]
[BlackFideId "5202213"]
[EventDate "2022.05.22"]

1. d4 Nf6 2. c4 e6 3. Nf3 d5 4. g3 Be7 5. Bg2 O-O 6. O-O dxc4 7. Qc2 a6 8. a4
Bd7 9. Qxc4 Bc6 10. Bg5 Nbd7 11. Nc3 h6 12. Bxf6 Nxf6 13. e3 Bd5 14. Qe2 Bxf3
15. Bxf3 c6 16. Rfd1 Qc7 17. h4 Rfd8 18. Rac1 Rd7 19. Qc4 a5 20. Kg2 Rad8 21.
Qb3 Bb4 22. Na2 Bf8 23. Nc3 Bb4 24. Na2 Bf8 25. Nc3 Bb4 1/2-1/2

[Event "Superbet Blitz 2022"]
[Site "Warsaw POL"]
[Date "2022.05.23"]
[Round "10.5"]
[White "Rapport, Richard"]
[Black "Caruana, Fabiano"]
[Result "0-1"]
[WhiteTitle "GM"]
[BlackTitle "GM"]
[WhiteElo "2776"]
[BlackElo "2786"]
[WhiteFideId "738590"]
[BlackFideId "2020009"]
[EventDate "2022.05.22"]

1. e4 c5 2. Nc3 d6 3. Bc4 a6 4. a3 e6 5. Ba2 Nc6 6. d3 Nf6 7. f4 Be7 8. Nf3 O-O
9. O-O b5 10. Kh1 d5 11. e5 Ne8 12. Ne2 f5 13. exf6 Nxf6 14. c3 Bd7 15. b4 Be8
16. Ng5 Qd7 17. f5 exf5 18. Nf4 c4 19. Nfe6 Bh5 20. Nxf8 Rxf8 21. Qc2 Bg6 22.
Nh3 Ne5 23. dxc4 bxc4 24. Nf4 Bf7 25. Be3 g5 26. Bd4 Bd6 27. Nh3 Ne4 28. Nxg5
Nxg5 29. Rxf5 Ne4 30. Rxe5 Bxe5 31. Bxe5 Bg6 32. Qc1 Qg4 33. h3 Qe2 34. Qe1 Rf2
35. Qxe2 Rxe2 36. Bd4 Ng5 37. Kh2 Nf3+ 38. Kg3 Nxd4 39. cxd4 Kg7 40. a4 Bd3 41.
b5 axb5 42. axb5 Rb2 43. Kf4 Rxb5 44. Ke5 Bc2 45. Rc1 Bd3 46. Ra1 c3 47. g4 c2
48. h4 Ra5 49. Kf4 Rxa2 0-1

[Event "Superbet Blitz 2022"]
[Site "Warsaw POL"]
[Date "2022.05.23"]
[Round "11.1"]
[White "Rapport, Richard"]
[Black "Aronian, Levon"]
[Result "0-1"]
[WhiteTitle "GM"]
[BlackTitle "GM"]
[WhiteElo "2776"]
[BlackElo "2765"]
[WhiteFideId "738590"]
[BlackFideId "13300474"]
[EventDate "2022.05.22"]

1. e4 c5 2. Nc3 d6 3. Bc4 Nc6 4. Nge2 g6 5. d4 cxd4 6. Nxd4 Bg7 7. Be3 Nf6 8. f3
O-O 9. Qd2 Bd7 10. O-O-O Rc8 11. Bb3 Ne5 12. h4 h5 13. Kb1 Re8 14. Bg5 Rc5 15.
Nde2 b5 16. Be3 Nc4 17. Bxc4 Rxc4 18. b3 Rc8 19. Bd4 Bc6 20. Nd5 Bxd5 21. exd5
Qc7 22. Nf4 Bh6 23. g3 Bxf4 24. gxf4 Nxd5 25. Kb2 Nxf4 26. Rhg1 e5 27. Be3 d5
28. Bxf4 exf4 29. Rg2 d4 30. Qxd4 Rcd8 31. Qg1 Qe5+ 32. Kb1 Rxd1+ 33. Qxd1 Qe1
34. Qxe1 Rxe1+ 35. Kb2 Re3 36. c4 bxc4 37. bxc4 Kf8 38. c5 Ke7 39. Rd2 Re5 40.
c6 Rb5+ 41. Ka3 Rc5 42. Rd7+ Ke6 43. Rxa7 Rxc6 44. Kb3 Rc1 45. Ra4 Ke5 46. Re4+
Kf5 47. Rd4 f6 48. a4 g5 49. a5 g4 50. a6 gxf3 51. a7 Rc8 52. Ra4 f2 53. Ra1 Kg4
54. Kb4 Kg3 55. Kb5 Kg2 56. Rc1 Ra8 0-1

[Event "Superbet Blitz 2022"]
[Site "Warsaw POL"]
[Date "2022.05.23"]
[Round "11.2"]
[White "Caruana, Fabiano"]
[Black "Wojtaszek, Radoslaw"]
[Result "0-1"]
[WhiteTitle "GM"]
[BlackTitle "GM"]
[WhiteElo "2786"]
[BlackElo "2696"]
[WhiteFideId "2020009"]
[BlackFideId "1118358"]
[EventDate "2022.05.22"]

1. d4 Nf6 2. c4 e6 3. Nc3 Bb4 4. e3 O-O 5. a3 Bxc3+ 6. bxc3 c5 7. Bd3 Nc6 8. Nf3
d6 9. e4 e5 10. d5 Ne7 11. h3 Ng6 12. g3 Bd7 13. Qe2 h6 14. h4 Bg4 15. Qe3 Nh7
16. Nd2 Bd7 17. h5 Ne7 18. f4 Qa5 19. Bc2 Nf6 20. Bd1 Rfe8 21. fxe5 Nf5 22. Qd3
Rxe5 23. O-O Nxg3 24. Rxf6 gxf6 25. Nb3 Qa6 26. Qxg3+ Kh7 27. Kh2 Qxc4 28. Nd2
Qa6 29. c4 Rg8 30. Qf4 Qa4 31. Bf3 Bc8 32. Nf1 Reg5 33. Bd2 Qd7 34. Qh4 Qe7 35.
Bf4 f5 36. Bxg5 hxg5 37. Qg3 f4 38. Qe1 g4 39. Bh1 g3+ 40. Kg1 Qe5 41. Bf3 g2
42. Bxg2 f3 43. Ne3 Bh3 44. Ra2 Bxg2 45. Nxg2 Qd4+ 46. Kh2 Qe5+ 47. Kg1 fxg2 48.
Rxg2 Qd4+ 49. Qf2 Qd1+ 50. Kh2 Qxh5+ 51. Kg1 Qd1+ 52. Kh2 Rxg2+ 53. Kxg2 Qg4+
54. Kh2 Kg6 55. Qe3 Qh4+ 56. Kg2 Qg5+ 57. Qxg5+ Kxg5 58. e5 dxe5 59. a4 f5 60.
a5 Kf6 61. Kf3 Kg5 62. Kf2 Kf6 63. Kf3 e4+ 64. Kf4 a6 65. Kg3 Ke5 66. Kf2 f4 67.
Ke2 Kd6 68. Kd2 b6 69. axb6 a5 0-1

[Event "Superbet Blitz 2022"]
[Site "Warsaw POL"]
[Date "2022.05.23"]
[Round "11.3"]
[White "So, Wesley"]
[Black "Duda, Jan-Krzysztof"]
[Result "0-1"]
[WhiteTitle "GM"]
[BlackTitle "GM"]
[WhiteElo "2776"]
[BlackElo "2750"]
[WhiteFideId "5202213"]
[BlackFideId "1170546"]
[EventDate "2022.05.22"]

1. c4 e5 2. g3 Nc6 3. Nc3 g6 4. Bg2 Bg7 5. e3 d6 6. Nge2 f5 7. d3 Nf6 8. O-O O-O
9. b3 g5 10. f4 h6 11. Bb2 Ne7 12. Qd2 Ng6 13. d4 e4 14. d5 Bd7 15. Nd4 g4 16.
b4 Qe7 17. Rac1 Rfd8 18. Rfd1 Qf7 19. c5 Ne7 20. cxd6 cxd6 21. Bf1 Ne8 22. Bc4
Nc7 23. Bb3 Rac8 24. a4 Kh7 25. Ncb5 Nxb5 26. axb5 Qe8 27. Nc6 bxc6 28. Bxg7
Kxg7 29. bxc6 Rc7 30. b5 Nc8 31. cxd7 Rcxd7 32. Rc6 Kg6 33. h3 h5 34. Ra1 Qe7
35. Rca6 Rc7 36. Rc6 Rb7 37. Bc4 Nb6 38. Be2 Rbd7 39. Qd1 Kf7 40. Kg2 Rg8 41.
hxg4 hxg4 42. Qh1 Kg6 43. Kf2 Qf6 44. Qd1 Rh8 45. Bf1 Rh2+ 46. Bg2 Qb2+ 47. Rc2
Qxb5 48. Rb1 Qxd5 49. Rd2 Qc5 50. Rc1 Nc4 51. Rd4 Nxe3 52. Kxe3 Qa3+ 53. Kf2
Qf3+ 54. Qxf3 gxf3 0-1

[Event "Superbet Blitz 2022"]
[Site "Warsaw POL"]
[Date "2022.05.23"]
[Round "11.4"]
[White "Anand, Viswanathan"]
[Black "Korobov, Anton"]
[Result "0-1"]
[WhiteTitle "GM"]
[BlackTitle "GM"]
[WhiteElo "2751"]
[BlackElo "2671"]
[WhiteFideId "5000017"]
[BlackFideId "14105730"]
[EventDate "2022.05.22"]

1. e4 c5 2. Nf3 Nc6 3. Bb5 e6 4. Bxc6 bxc6 5. d3 Ne7 6. h4 d6 7. e5 d5 8. c4 Nf5
9. Nc3 Be7 10. h5 h6 11. b3 O-O 12. Na4 f6 13. Bb2 Nd4 14. O-O fxe5 15. Nxe5 Bd6
16. Bxd4 cxd4 17. Ng6 Rf5 18. c5 Bc7 19. f4 Bd7 20. g4 Rf6 21. Qe2 Rxg6 22. hxg6
Qf6 23. Rf2 Bxf4 24. Rxf4 Qxf4 25. Rf1 Qg3+ 26. Qg2 Qxd3 0-1

[Event "Superbet Blitz 2022"]
[Site "Warsaw POL"]
[Date "2022.05.23"]
[Round "11.5"]
[White "Shevchenko, Kirill"]
[Black "Gavrilescu, David"]
[Result "0-1"]
[WhiteTitle "GM"]
[BlackTitle "IM"]
[WhiteElo "2644"]
[BlackElo "2518"]
[WhiteFideId "14129574"]
[BlackFideId "1227190"]
[EventDate "2022.05.22"]

1. e4 e6 2. d4 d5 3. e5 c5 4. c3 Nc6 5. Nf3 Bd7 6. Bd3 cxd4 7. cxd4 Qb6 8. O-O
Nxd4 9. Nbd2 Ne7 10. Nxd4 Qxd4 11. Nf3 Qa4 12. Bc2 Qa5 13. Bd2 Qd8 14. Re1 Nc6
15. Ng5 g6 16. Qf3 Qe7 17. Qh3 Bg7 18. Nf3 h6 19. a3 Rc8 20. Bd3 Qd8 21. b4 Ne7
22. b5 Kf8 23. Rac1 Kg8 24. Rxc8 Nxc8 25. Qg4 Nb6 26. Bb4 Qe8 27. Nd4 h5 28. Qh4
Nc4 29. Bxc4 dxc4 30. a4 a6 31. bxa6 bxa6 32. Nf3 Bxa4 33. Qxc4 Bb5 34. Qf4 Bh6
35. Ng5 Qd7 36. h4 Bc6 37. Bd6 a5 38. Rb1 Bxg5 39. Qxg5 Kh7 40. Rb3 a4 41. Rc3
Rc8 42. g4 Be4 43. Re3 Rc1+ 44. Kh2 Rh1+ 45. Kg3 Rg1+ 46. Kh3 hxg4+ 47. Kh2 Rg2+
48. Kh1 Qc6 49. f3 Bxf3 50. Re1 Re2+ 51. Kg1 Rxe1+ 0-1

[Event "Superbet Blitz 2022"]
[Site "Warsaw POL"]
[Date "2022.05.23"]
[Round "12.1"]
[White "Aronian, Levon"]
[Black "Shevchenko, Kirill"]
[Result "1-0"]
[WhiteTitle "GM"]
[BlackTitle "GM"]
[WhiteElo "2765"]
[BlackElo "2644"]
[WhiteFideId "13300474"]
[BlackFideId "14129574"]
[EventDate "2022.05.22"]

1. e4 c5 2. Nf3 d6 3. c3 Nf6 4. Be2 g6 5. O-O Bg7 6. d3 O-O 7. Be3 Nc6 8. Nbd2
e5 9. a3 Ng4 10. Bg5 Bf6 11. Bxf6 Nxf6 12. b4 b6 13. b5 Ne7 14. d4 Qc7 15. a4
Bb7 16. d5 a5 17. bxa6 Bxa6 18. Re1 Rfb8 19. Bb5 c4 20. Rb1 Bxb5 21. Rxb5 Nd7
22. Rb4 Nc5 23. Nxc4 Na6 24. Qb3 Nxb4 25. Qxb4 Nc8 26. Rb1 Qd7 27. Nb2 Qa7 28.
Nd2 Qa5 29. Ndc4 Qxb4 30. cxb4 b5 31. axb5 Rxb5 32. Nd3 Kg7 33. Rc1 Rab8 34. g4
Kf6 35. h4 h6 36. f3 Ke7 37. Na5 Kf8 38. Rc7 Ne7 39. Rd7 R5b6 40. Nc4 R6b7 41.
Rxb7 Rxb7 42. Nxd6 Rb8 43. Nxe5 Rxb4 44. Ndxf7 h5 45. gxh5 gxh5 46. Kf2 Kg7 47.
Ng5 Nc8 48. Nd3 Ra4 49. Nf4 Kh6 50. Nf7+ Kg7 51. Ne5 Nd6 52. Nxh5+ Kh6 53. Ng3
Kg7 54. Ke3 Kf6 55. Ng4+ Kf7 56. Kf4 Ra3 57. h5 Nb5 58. Nf5 Nc3 59. h6 Ne2+ 60.
Kg5 Kg8 61. Nf6+ Kh8 62. Ne7 Nf4 63. Kg4 Ra7 64. Kxf4 Rxe7 65. Ng4 Kh7 66. e5
Kg6 67. e6 Ra7 68. Ke5 1-0

[Event "Superbet Blitz 2022"]
[Site "Warsaw POL"]
[Date "2022.05.23"]
[Round "12.2"]
[White "Gavrilescu, David"]
[Black "Anand, Viswanathan"]
[Result "1/2-1/2"]
[WhiteTitle "IM"]
[BlackTitle "GM"]
[WhiteElo "2518"]
[BlackElo "2751"]
[WhiteFideId "1227190"]
[BlackFideId "5000017"]
[EventDate "2022.05.22"]

1. e4 e5 2. Nf3 Nc6 3. d4 exd4 4. Nxd4 Nf6 5. Nxc6 bxc6 6. Bd3 d6 7. Nc3 g6 8.
e5 dxe5 9. Qf3 Nd5 10. Bc4 Be6 11. O-O Bg7 12. Rd1 O-O 13. Nxd5 e4 14. Qxe4 cxd5
15. Bxd5 c6 16. Qxe6 fxe6 17. Bxe6+ Kh8 18. Rxd8 Raxd8 19. Bg4 Rfe8 20. Kf1 Rd4
21. Bf3 Rc4 22. c3 Rxc3 23. bxc3 Bxc3 24. Bb2 Bxb2 25. Rb1 Bd4 26. Bxc6 Rc8 27.
Be4 Bb6 28. Ke2 Rc4 29. Bd3 Ra4 30. Rb2 Kg7 31. g3 g5 32. Rc2 h5 33. h3 h4 34.
Bc4 hxg3 35. fxg3 Ra5 36. Kf3 Rc5 37. Ke4 Rc7 38. Kf5 Rc5+ 39. Kg4 Bc7 40. Bb3
Rxc2 41. Bxc2 Kf6 42. h4 gxh4 43. gxh4 Ba5 44. h5 Bd2 45. Bb1 Kg7 46. Bc2 Kf6
47. Bb1 Kg7 48. Bc2 Kf6 49. Bb1 1/2-1/2

[Event "Superbet Blitz 2022"]
[Site "Warsaw POL"]
[Date "2022.05.23"]
[Round "12.3"]
[White "Korobov, Anton"]
[Black "So, Wesley"]
[Result "0-1"]
[WhiteTitle "GM"]
[BlackTitle "GM"]
[WhiteElo "2671"]
[BlackElo "2776"]
[WhiteFideId "14105730"]
[BlackFideId "5202213"]
[EventDate "2022.05.22"]

1. c4 e5 2. Nc3 Nf6 3. Nf3 Nc6 4. a3 g6 5. g3 Bg7 6. Bg2 O-O 7. O-O d5 8. cxd5
Nxd5 9. Rb1 Nxc3 10. bxc3 e4 11. Nd4 Re8 12. Nxc6 bxc6 13. Qa4 Bf5 14. Rb4 c5
15. Rc4 Qe7 16. Qa5 Bf8 17. a4 Qe6 18. Rxc5 Bxc5 19. Qxc5 Qd6 20. Qe3 Rab8 21.
c4 Qb6 22. c5 Qf6 23. Qf4 Qe5 24. Qe3 Rb1 25. h3 h5 26. Ba3 Rxf1+ 27. Bxf1 Qa1
28. Kg2 Bxh3+ 29. Kxh3 Qxf1+ 30. Kh2 Rb8 31. g4 hxg4 32. Kg3 Rb3 0-1

[Event "Superbet Blitz 2022"]
[Site "Warsaw POL"]
[Date "2022.05.23"]
[Round "12.4"]
[White "Duda, Jan-Krzysztof"]
[Black "Caruana, Fabiano"]
[Result "0-1"]
[WhiteTitle "GM"]
[BlackTitle "GM"]
[WhiteElo "2750"]
[BlackElo "2786"]
[WhiteFideId "1170546"]
[BlackFideId "2020009"]
[EventDate "2022.05.22"]

1. c4 e5 2. Nc3 Bb4 3. Nd5 Be7 4. d4 d6 5. Nf3 e4 6. Nd2 f5 7. e3 c6 8. Nxe7
Nxe7 9. f4 exf3 10. Nxf3 O-O 11. Bd3 Nd7 12. O-O Nf6 13. Qc2 Ne4 14. b3 Ng6 15.
Ba3 Qe7 16. Nd2 Nxd2 17. Qxd2 Bd7 18. Rae1 b6 19. Qf2 c5 20. Qg3 Rf7 21. Bb2
Raf8 22. Be2 Bc6 23. Bh5 Be4 24. dxc5 bxc5 25. Rd1 Rd8 26. Bxg6 hxg6 27. Qxg6 f4
28. Qg4 f3 29. gxf3 Bf5 30. Qg3 Qxe3+ 31. Kh1 Bd3 32. Rg1 Be2 33. Rdf1 Rdd7 34.
f4 Qe4+ 35. Qg2 Qxg2+ 36. Kxg2 Bxf1+ 37. Rxf1 d5 38. cxd5 Rxd5 39. Be5 Rd2+ 40.
Kg3 Rxa2 41. Rc1 Ra5 42. Kg4 Rb7 43. Rc3 Kf7 44. h4 Rab5 45. h5 a5 46. Kg5 Rxb3
47. Rxc5 Ra7 48. f5 a4 49. Rc8 Rd3 50. Rh8 Rd5 51. Ba1 Raa5 52. Kg4 Rxf5 53. h6
gxh6 54. Rxh6 Rf1 55. Rh7+ Ke6 56. Bc3 Rc5 57. Bh8 Ra5 58. Bc3 Ra8 59. Rh6+ Kd5 0-1

[Event "Superbet Blitz 2022"]
[Site "Warsaw POL"]
[Date "2022.05.23"]
[Round "12.5"]
[White "Wojtaszek, Radoslaw"]
[Black "Rapport, Richard"]
[Result "0-1"]
[WhiteTitle "GM"]
[BlackTitle "GM"]
[WhiteElo "2696"]
[BlackElo "2776"]
[WhiteFideId "1118358"]
[BlackFideId "738590"]
[EventDate "2022.05.22"]

1. d4 e6 2. c4 c5 3. d5 exd5 4. cxd5 d6 5. Nc3 g6 6. e4 Bg7 7. Be2 Nf6 8. Nf3
Bg4 9. Nd2 Bxe2 10. Qxe2 O-O 11. O-O Nbd7 12. Nc4 Nb6 13. Ne3 Re8 14. Qc2 c4 15.
a4 Rc8 16. a5 Nbd7 17. Ra4 Nc5 18. Rxc4 Ncxe4 19. Nxe4 Nxe4 20. Rxc8 Qxc8 21.
Qb3 h5 22. h3 Re7 23. Qd3 Qc5 24. a6 bxa6 25. Qxa6 Rc7 26. Qd3 f5 27. b3 Qc3 28.
Qb5 Kh7 29. Nc4 Bd4 30. Bb2 Qd3 31. Bxd4 Qxd4 32. Qa5 Rb7 33. Qd8 Qxd5 34. Re1
Qc5 35. Re3 d5 36. Ne5 d4 37. Nd7 Qd6 38. Nf8+ Kg8 39. Qe8 Qxf8 40. Qxg6+ Rg7
41. Qe6+ Kh7 42. Rf3 Ng5 43. Qxf5+ Qxf5 44. Rxf5 d3 45. Rd5 d2 46. Kf1 Ne4 47.
f3 Rf7 48. Rd4 Rf6 49. Ke2 Nc5 50. Rxd2 Nxb3 51. Rd7+ Kh6 52. Rxa7 Nd4+ 53. Kf2
h4 54. Ra4 Nf5 55. Rf4 Kg5 56. Rg4+ Kh5 57. Rf4 Rf7 58. Kg1 Kg5 59. Rg4+ Kf6 60.
Re4 Rb7 61. Re2 Kg5 62. Kf2 Rb4 63. Ra2 Kf4 64. Rd2 Ne3 65. Ra2 Rc4 66. Rd2 Rc2
67. Rxc2 Nxc2 68. Kg1 Kg3 0-1

[Event "Superbet Blitz 2022"]
[Site "Warsaw POL"]
[Date "2022.05.23"]
[Round "13.1"]
[White "Wojtaszek, Radoslaw"]
[Black "Aronian, Levon"]
[Result "1/2-1/2"]
[WhiteTitle "GM"]
[BlackTitle "GM"]
[WhiteElo "2696"]
[BlackElo "2765"]
[WhiteFideId "1118358"]
[BlackFideId "13300474"]
[EventDate "2022.05.22"]

1. d4 d5 2. c4 dxc4 3. e3 Nf6 4. Bxc4 e6 5. Nf3 c5 6. O-O a6 7. Nc3 b5 8. Be2
Nbd7 9. d5 exd5 10. Nxd5 Bb7 11. e4 Bxd5 12. exd5 Bd6 13. a4 c4 14. Nd4 O-O 15.
axb5 axb5 16. Rxa8 Qxa8 17. Nxb5 Bxh2+ 18. Kxh2 Qb8+ 19. d6 Qxb5 20. Qd4 Rc8 21.
Bf4 Qf5 22. Bxc4 Ne4 23. Bg3 Ndf6 24. Kg1 h5 25. Re1 Qg4 26. d7 Rd8 27. Bb5 h4
28. Qb6 hxg3 29. Qxd8+ Kh7 30. f3 Qh5 31. fxe4 Qc5+ 32. Kh1 Qh5+ 33. Kg1 Qc5+
34. Kh1 Qh5+ 35. Kg1 1/2-1/2